Оптимизация рецептуры ингибированного известкового бурового раствора на основе окисленного крахмального реагента; Нефтяное хозяйство; № 12

Détails bibliographiques
Parent link:Нефтяное хозяйство: научно-технический производственный журнал.— , 1925-1940, 1946-.— 0028-2448
№ 12.— 2003.— С. 106-110
Auteur principal: Близнюков В. Ю.
Autres auteurs: Ботвинкин В. Н.
Langue:russe
Publié: 2003
Collection:Обмен производственным опытом
Sujets:
Format: Chapitre de livre
KOHA link:https://koha.lib.tpu.ru/cgi-bin/koha/opac-detail.pl?biblionumber=390458

MARC

LEADER 00000naa2a2200000 4500
001 390458
005 20231101063956.0
035 |a (RuTPU)RU\TPU\prd\23516 
090 |a 390458 
100 |a 20040304a2003 k y0rusy50 ca 
101 0 |a rus 
102 |a RU 
200 1 |a Оптимизация рецептуры ингибированного известкового бурового раствора на основе окисленного крахмального реагента  |f В. Ю. Близнюков, В. Н. Ботвинкин 
225 1 |a Обмен производственным опытом 
320 |a Библиогр.: 9 назв. 
461 1 |0 (RuTPU)RU\TPU\prd\1638  |x 0028-2448  |t Нефтяное хозяйство  |o научно-технический производственный журнал  |d 1925-1940, 1946- 
463 1 |0 (RuTPU)RU\TPU\prd\22713  |t № 12  |v С. 106-110  |d 2003 
610 1 |a ингибирование 
610 1 |a известковые растворы 
610 1 |a буровые растворы 
610 1 |a рецептура 
610 1 |a оптимизация 
610 1 |a крахмальные реагенты 
675 |a 622.244.063  |v 3 
700 1 |a Близнюков  |b В. Ю. 
701 1 |a Ботвинкин  |b В. Н. 
801 1 |a RU  |b 63413507  |c 20040304  |g PSBO 
801 2 |a RU  |b 63413507  |c 20131028  |g RCR 
942 |c BK